Problémy ekonomického rastu a cyklického vývoja v informačnej spoločnosti dizertačná práca

Gespeichert in:
Bibliographische Detailangaben
1. Verfasser: Černáková, Ivana
Körperschaft: Ekonomická univerzita v Bratislave. Národohospodárska fakulta
Weitere Verfasser: Lisý, Ján
Format: Buch
Sprache:Slowakisch
Veröffentlicht: Bratislava 2008
Schlagworte:
Tags: Tag hinzufügen
Keine Tags, Fügen Sie das erste Tag hinzu!

MARC

LEADER 00000nam$a2200000$$$4500
001 0084252
005 20240502071941.0
041 0 |a slo 
044 |a SK 
245 1 0 |a Problémy ekonomického rastu a cyklického vývoja v informačnej spoločnosti  |b dizertačná práca  |c Ivana Černáková ; škol. Ján Lisý 
264 1 |a Bratislava  |c 2008 
300 |a 158 s. 
610 2 0 |a rast hospodársky 
610 2 0 |a vývoj hospodársky 
610 2 0 |a cykly hospodárske 
610 2 0 |a spoločnosť informačná 
100 1 |a Černáková, Ivana 
700 1 |a Lisý, Ján 
710 2 |a Ekonomická univerzita v Bratislave. Národohospodárska fakulta